[Event "46th Greek Team Championship"]
[Site "chess24.com"]
[Date "2018.07.11"]
[Round "3"]
[White "Fragkos, Vasileios"]
[Black "Apostolidis, Angelos"]
[Result "1-0"]
[Board "10"]
[WhiteElo "1774"]
[WhiteCountry "GRE"]
[WhiteFideId "25832646"]
[WhiteEloChange "2"]
[BlackElo "1117"]
[BlackCountry "GRE"]
[BlackFideId "25814656"]
[BlackEloChange "-2"]

1. e4 {[%clk 1:30:52]} e5 {[%clk 1:30:52]} 2. Nf3 {[%clk 1:31:17]} Nc6 {[%clk
1:31:02]} 3. Bc4 {[%clk 1:31:37]} h6 {[%clk 1:31:00]} 4. O-O {[%clk 1:31:53]} Nf6
{[%clk 1:31:18]} 5. d3 {[%clk 1:31:11]} Bc5 {[%clk 1:31:28]} 6. c3 {[%clk
1:31:28]} d5 {[%clk 1:17:34]} 7. exd5 {[%clk 1:31:40]} Nxd5 {[%clk 1:17:32]} 8.
a4 {[%clk 1:31:31]} Nf6 {[%clk 1:15:08]} 9. b4 {[%clk 1:28:52]} Bd6 {[%clk
1:14:38]} 10. Re1 {[%clk 1:26:00]} Nd7 {[%clk 1:12:04]} 11. Nbd2 {[%clk 1:25:03]}
O-O {[%clk 1:10:32]} 12. Ne4 {[%clk 1:25:15]} Re8 {[%clk 1:09:50]} 13. Be3 {[%clk
1:16:32]} Nf6 {[%clk 1:03:59]} 14. Ng3 {[%clk 1:16:07]} Bg4 {[%clk 0:59:18]} 15.
h3 {[%clk 1:16:15]} Be6 {[%clk 0:55:55]} 16. Bxe6 {[%clk 1:13:21]} Rxe6 {[%clk
0:56:16]} 17. Nf5 {[%clk 1:12:25]} Ne7 {[%clk 0:55:06]} 18. N3h4 {[%clk 1:11:53]}
Qd7 {[%clk 0:51:53]} 19. Qd2 {[%clk 1:07:07]} Nxf5 {[%clk 0:51:42]} 20. Nxf5
{[%clk 1:07:31]} Re7 {[%clk 0:51:27]} 21. Nxe7+ {[%clk 1:07:52]} Qxe7 {[%clk
0:51:28]} 22. Rab1 {[%clk 1:05:46]} b6 {[%clk 0:51:37]} 23. d4 {[%clk 1:05:05]}
Qd7 {[%clk 0:51:16]} 24. dxe5 {[%clk 1:02:01]} Bxe5 {[%clk 0:51:15]} 25. Qxd7
{[%clk 1:02:24]} Nxd7 {[%clk 0:51:41]} 26. Bd4 {[%clk 1:02:34]} Bd6 {[%clk
0:51:30]} 27. a5 {[%clk 0:44:49]} Rb8 {[%clk 0:51:09]} 28. axb6 {[%clk 0:44:47]}
axb6 {[%clk 0:51:08]} 29. Re4 {[%clk 0:43:58]} Ra8 {[%clk 0:50:15]} 30. Rbe1
{[%clk 0:44:04]} Kf8 {[%clk 0:50:00]} 31. g3 {[%clk 0:41:48]} g6 {[%clk 0:48:55]}
32. Rh4 {[%clk 0:41:50]} h5 {[%clk 0:48:51]} 33. Rhe4 {[%clk 0:41:17]} Rd8 {[%clk
0:48:21]} 34. Kg2 {[%clk 0:39:43]} Ra8 {[%clk 0:48:21]} 35. g4 {[%clk 0:39:54]}
hxg4 {[%clk 0:47:54]} 36. hxg4 {[%clk 0:36:31]} Rd8 {[%clk 0:47:24]} 37. Rh1
{[%clk 0:36:42]} f6 {[%clk 0:46:23]} 38. Rh8+ {[%clk 0:36:50]} Kf7 {[%clk
0:46:29]} 39. Rxd8 {[%clk 0:37:14]} Ne5 {[%clk 0:46:15]} 40. Bxe5 {[%clk
1:07:36]} fxe5 {[%clk 1:16:14]} 41. Rc4 {[%clk 1:07:55]} Ke6 {[%clk 1:16:14]} 42.
Rc6 {[%clk 1:07:57]} Ke7 {[%clk 1:16:15]} 43. Rdxd6 {[%clk 1:08:11]} cxd6 {[%clk
1:16:36]} 44. Rxb6 {[%clk 1:08:37]} Kd7 {[%clk 1:16:31]} 45. c4 {[%clk 1:08:54]}
Kc7 {[%clk 1:16:39]} 46. c5 {[%clk 1:09:14]} dxc5 {[%clk 1:15:44]} 47. bxc5
{[%clk 1:09:39]} Kd7 {[%clk 1:15:40]} 48. Rxg6 {[%clk 1:10:03]} Kc7 {[%clk
1:15:36]} 49. Rd6 {[%clk 1:10:29]} Kb7 {[%clk 1:15:25]} 50. g5 {[%clk 1:10:56]}
Kc7 {[%clk 1:15:10]} 51. g6 {[%clk 1:11:16]} e4 {[%clk 1:15:36]} 52. g7 {[%clk
1:11:43]} e3 {[%clk 1:15:43]} 53. fxe3 {[%clk 1:12:07]} Kb7 {[%clk 1:15:35]} 54.
g8Q {[%clk 1:12:18]} Kc7 {[%clk 1:15:52]} 55. Qd8+ {[%clk 1:12:26]} Kb7 {[%clk
1:16:03]} 56. Rb6+ {[%clk 1:12:53]} Ka7 {[%clk 1:16:01]} 57. Qb8# {[%clk
1:13:19]} 1-0

[Event "46th Greek Team Championship"]
[Site "chess24.com"]
[Date "2018.07.11"]
[Round "3"]
[White "Gioutsou, Miranta"]
[Black "Apostolakaki, Evangelia"]
[Result "0-1"]
[Board "7"]
[WhiteElo "1467"]
[WhiteCountry "GRE"]
[WhiteFideId "25838296"]
[WhiteEloChange "-13"]
[BlackElo "1376"]
[BlackCountry "GRE"]
[BlackFideId "25801147"]
[BlackEloChange "13"]

1. e4 {[%clk 1:30:58]} e5 {[%clk 1:30:56]} 2. Nf3 {[%clk 1:31:19]} d6 {[%clk
1:31:22]} 3. d4 {[%clk 1:31:41]} exd4 {[%clk 1:31:46]} 4. Nxd4 {[%clk 1:32:04]}
Nc6 {[%clk 1:32:11]} 5. Nc3 {[%clk 1:31:44]} Nf6 {[%clk 1:32:32]} 6. Nxc6 {[%clk
1:26:14]} bxc6 {[%clk 1:32:51]} 7. Bd3 {[%clk 1:22:22]} Be7 {[%clk 1:32:10]} 8.
O-O {[%clk 1:21:28]} O-O {[%clk 1:32:29]} 9. Re1 {[%clk 1:15:58]} Be6 {[%clk
1:30:55]} 10. Bf4 {[%clk 1:01:09]} Rb8 {[%clk 1:22:42]} 11. Rb1 {[%clk 0:55:16]}
Re8 {[%clk 1:11:53]} 12. a3 {[%clk 0:50:31]} Nd7 {[%clk 1:08:14]} 13. b4 {[%clk
0:43:19]} Bf6 {[%clk 1:07:40]} 14. Qd2 {[%clk 0:39:52]} Ne5 {[%clk 1:00:35]} 15.
b5 {[%clk 0:31:52]} cxb5 {[%clk 0:58:01]} 16. Nxb5 {[%clk 0:31:10]} Nxd3 {[%clk
0:55:12]} 17. Qxd3 {[%clk 0:30:45]} a6 {[%clk 0:48:22]} 18. Na7 {[%clk 0:22:57]}
Rxb1 {[%clk 0:44:50]} 19. Rxb1 {[%clk 0:23:16]} Qa8 {[%clk 0:45:12]} 20. Be3
{[%clk 0:19:38]} Bc8 {[%clk 0:44:14]} 21. Nxc8 {[%clk 0:19:46]} Qxc8 {[%clk
0:44:36]} 22. f3 {[%clk 0:18:40]} Qa8 {[%clk 0:37:22]} 23. Qb3 {[%clk 0:15:01]}
Qc6 {[%clk 0:34:04]} 24. c4 {[%clk 0:11:34]} h6 {[%clk 0:31:58]} 25. Bf2 {[%clk
0:10:10]} Bg5 {[%clk 0:28:12]} 26. Qb4 {[%clk 0:08:56]} Be7 {[%clk 0:26:06]} 27.
Bd4 {[%clk 0:08:08]} f6 {[%clk 0:21:35]} 28. Rc1 {[%clk 0:07:26]} d5 {[%clk
0:16:44]} 29. exd5 {[%clk 0:05:08]} Bxb4 {[%clk 0:16:56]} 30. dxc6 {[%clk
0:05:29]} Bxa3 {[%clk 0:17:18]} 31. Ra1 {[%clk 0:04:29]} Bd6 {[%clk 0:17:32]} 32.
Rxa6 {[%clk 0:02:45]} Re1+ {[%clk 0:17:52]} 33. Kf2 {[%clk 0:03:08]} Rc1 {[%clk
0:18:03]} 34. h3 {[%clk 0:01:27]} Rxc4 {[%clk 0:18:25]} 35. Ba7 {[%clk 0:00:49]}
Kf7 {[%clk 0:17:34]} 36. Be3 {[%clk 0:00:44]} Bc5 {[%clk 0:16:15]} 37. Bxc5
{[%clk 0:01:00]} Rxc5 {[%clk 0:16:40]} 38. Ke3 {[%clk 0:00:48]} Ke6 {[%clk
0:16:59]} 39. Kf2 {[%clk 0:00:46]} Kd6 {[%clk 0:17:11]} 40. Ra8 {[%clk 0:30:44]}
Kxc6 {[%clk 0:46:47]} 41. h4 {[%clk 0:30:23]} Re5 {[%clk 0:46:49]} 42. g4 {[%clk
0:29:02]} Kb7 {[%clk 0:46:34]} 43. Rg8 {[%clk 0:29:12]} Re7 {[%clk 0:46:55]} 44.
Rd8 {[%clk 0:28:35]} c5 {[%clk 0:46:47]} 45. Rd3 {[%clk 0:28:10]} Kc6 {[%clk
0:46:47]} 46. f4 {[%clk 0:27:05]} c4 {[%clk 0:46:36]} 47. Rd8 {[%clk 0:26:30]}
Kc5 {[%clk 0:46:42]} 48. g5 {[%clk 0:26:02]} hxg5 {[%clk 0:46:41]} 49. hxg5
{[%clk 0:26:21]} fxg5 {[%clk 0:47:06]} 50. fxg5 {[%clk 0:26:41]} Re5 {[%clk
0:47:25]} 51. Rd7 {[%clk 0:24:55]} Rxg5 {[%clk 0:47:24]} 52. Ke3 {[%clk 0:25:02]}
Kc6 {[%clk 0:42:51]} 53. Re7 {[%clk 0:17:21]} Kd6 {[%clk 0:42:04]} 54. Ra7 {[%clk
0:16:37]} Kc6 {[%clk 0:37:39]} 55. Re7 {[%clk 0:16:11]} g6 {[%clk 0:36:41]} 56.
Kd4 {[%clk 0:13:04]} Rg4+ {[%clk 0:36:37]} 57. Kc3 {[%clk 0:13:24]} Kd6 {[%clk
0:36:00]} 58. Ra7 {[%clk 0:12:34]} Ke6 {[%clk 0:35:39]} 59. Ra6+ {[%clk 0:12:09]}
Kf5 {[%clk 0:35:43]} 60. Ra5+ {[%clk 0:12:18]} Kf6 {[%clk 0:36:00]} 61. Rc5
{[%clk 0:11:47]} g5 {[%clk 0:34:14]} 62. Ra5 {[%clk 0:11:26]} Kg6 {[%clk
0:34:12]} 63. Ra6+ {[%clk 0:10:25]} Kh5 {[%clk 0:34:30]} 64. Ra8 {[%clk 0:10:25]}
Rf4 {[%clk 0:34:26]} 65. Rh8+ {[%clk 0:10:30]} Kg4 {[%clk 0:34:49]} 66. Rg8
{[%clk 0:10:48]} Kh4 {[%clk 0:34:24]} 67. Rh8+ {[%clk 0:10:39]} Kg3 {[%clk
0:34:41]} 68. Rg8 {[%clk 0:10:38]} g4 {[%clk 0:34:59]} 69. Kd2 {[%clk 0:06:53]}
Kf2 {[%clk 0:33:27]} 70. Re8 {[%clk 0:06:35]} g3 {[%clk 0:33:23]} 71. Re2+ {[%clk
0:06:36]} Kf3 {[%clk 0:33:38]} 72. Re3+ {[%clk 0:06:55]} Kg4 {[%clk 0:33:29]} 73.
Re8 {[%clk 0:06:02]} g2 {[%clk 0:32:24]} 74. Rg8+ {[%clk 0:05:19]} Kh3 {[%clk
0:31:14]} 75. Ke3 {[%clk 0:03:10]} Rg4 {[%clk 0:30:52]} 76. Rxg4 {[%clk 0:02:39]}
Kxg4 {[%clk 0:31:09]} 77. Kf2 {[%clk 0:03:06]} c3 {[%clk 0:31:22]} 78. Kxg2
{[%clk 0:03:31]} c2 {[%clk 0:31:44]} 79. Kh2 {[%clk 0:03:53]} c1Q {[%clk
0:31:56]} 0-1

[Event "46th Greek Team Championship"]
[Site "chess24.com"]
[Date "2018.07.11"]
[Round "3"]
[White "Soukarie, Zorz"]
[Black "Tzikas, Athanasios G"]
[Result "0-1"]
[Board "10"]
[WhiteElo "1295"]
[WhiteCountry "GRE"]
[WhiteFideId "25857959"]
[WhiteEloChange "-11"]
[BlackElo "1251"]
[BlackCountry "GRE"]
[BlackFideId "25852604"]
[BlackEloChange "11"]

1. e4 {[%clk 1:30:57]} c5 {[%clk 1:30:54]} 2. Nf3 {[%clk 1:31:24]} d6 {[%clk
1:31:17]} 3. d4 {[%clk 1:31:50]} cxd4 {[%clk 1:31:35]} 4. Nxd4 {[%clk 1:32:11]}
Nf6 {[%clk 1:31:49]} 5. Nc3 {[%clk 1:32:34]} a6 {[%clk 1:32:01]} 6. Be3 {[%clk
1:32:57]} e6 {[%clk 1:31:41]} 7. Be2 {[%clk 1:33:12]} Be7 {[%clk 1:31:14]} 8. a4
{[%clk 1:33:17]} O-O {[%clk 1:30:53]} 9. O-O {[%clk 1:33:32]} Bd7 {[%clk
1:30:01]} 10. Nb3 {[%clk 1:32:26]} Bc6 {[%clk 1:28:50]} 11. f3 {[%clk 1:30:45]}
Nbd7 {[%clk 1:27:16]} 12. Bf2 {[%clk 1:11:51]} d5 {[%clk 1:22:28]} 13. exd5
{[%clk 1:12:14]} Nxd5 {[%clk 1:22:41]} 14. Nxd5 {[%clk 1:12:15]} Bxd5 {[%clk
1:23:04]} 15. c4 {[%clk 1:11:10]} Bc6 {[%clk 1:22:44]} 16. a5 {[%clk 1:05:03]}
Qc7 {[%clk 1:18:52]} 17. Bg3 {[%clk 1:01:23]} Qd8 {[%clk 1:14:22]} 18. Bd6 {[%clk
1:00:14]} Nf6 {[%clk 1:11:22]} 19. Bxe7 {[%clk 0:59:32]} Qxe7 {[%clk 1:11:43]}
20. Qd2 {[%clk 0:58:37]} Rfd8 {[%clk 1:09:10]} 21. Qc3 {[%clk 0:58:42]} Rac8
{[%clk 1:05:12]} 22. Rfc1 {[%clk 0:52:39]} e5 {[%clk 0:46:20]} 23. Qe3 {[%clk
0:35:43]} Qe8 {[%clk 0:36:33]} 24. Bf1 {[%clk 0:23:41]} e4 {[%clk 0:34:00]} 25.
f4 {[%clk 0:20:56]} Ng4 {[%clk 0:19:22]} 26. Qe2 {[%clk 0:21:05]} f5 {[%clk
0:18:50]} 27. h3 {[%clk 0:21:28]} Nf6 {[%clk 0:18:55]} 28. Qe3 {[%clk 0:21:51]}
Ba4 {[%clk 0:18:00]} 29. Ra3 {[%clk 0:21:04]} Bxb3 {[%clk 0:18:13]} 30. Rxb3
{[%clk 0:21:16]} Qc6 {[%clk 0:15:26]} 31. Ra1 {[%clk 0:16:45]} Qc7 {[%clk
0:11:46]} 32. g3 {[%clk 0:13:14]} Ne8 {[%clk 0:09:54]} 33. Qc3 {[%clk 0:10:42]}
Nd6 {[%clk 0:09:45]} 34. Ra4 {[%clk 0:10:40]} Re8 {[%clk 0:08:12]} 35. Be2 {[%clk
0:10:36]} Qc5+ {[%clk 0:07:36]} 36. Kg2 {[%clk 0:10:55]} e3 {[%clk 0:07:31]} 37.
Rbb4 {[%clk 0:09:40]} Ne4 {[%clk 0:04:56]} 38. Qe1 {[%clk 0:09:37]} Nd2 {[%clk
0:04:35]} 39. Kh2 {[%clk 0:08:11]} Qc6 {[%clk 0:04:00]} 40. Kg1 {[%clk 0:36:45]}
Nf3+ {[%clk 0:33:45]} 41. Bxf3 {[%clk 0:36:43]} Qxf3 {[%clk 0:33:54]} 42. Ra3
{[%clk 0:36:23]} Rcd8 {[%clk 0:32:34]} 0-1

[Event "46th Greek Team Championship"]
[Site "chess24.com"]
[Date "2018.07.12"]
[Round "4"]
[White "Dorfanis, Ilarion"]
[Black "Georgiadis, Ioannis"]
[Result "0-1"]
[Board "4"]
[WhiteElo "2179"]
[WhiteCountry "GRE"]
[WhiteFideId "4204298"]
[WhiteEloChange "-3"]
[BlackElo "2465"]
[BlackTitle "IM"]
[BlackCountry "GRE"]
[BlackFideId "4208900"]
[BlackEloChange "2"]

1. Nf3 {[%clk 1:30:46]} Nf6 {[%clk 1:30:45]} 2. c4 {[%clk 1:30:47]} e6 {[%clk
1:30:53]} 3. Nc3 {[%clk 1:30:42]} Bb4 {[%clk 1:30:21]} 4. Qc2 {[%clk 1:30:53]}
O-O {[%clk 1:30:22]} 5. a3 {[%clk 1:29:59]} Bxc3 {[%clk 1:30:46]} 6. Qxc3 {[%clk
1:30:27]} d6 {[%clk 1:30:59]} 7. b4 {[%clk 1:26:38]} e5 {[%clk 1:28:16]} 8. Bb2
{[%clk 1:24:35]} a5 {[%clk 1:25:29]} 9. e3 {[%clk 1:23:02]} Re8 {[%clk 1:15:47]}
10. Be2 {[%clk 1:20:19]} axb4 {[%clk 1:15:07]} 11. axb4 {[%clk 1:20:40]} Rxa1+
{[%clk 1:15:32]} 12. Bxa1 {[%clk 1:20:57]} b6 {[%clk 1:13:28]} 13. O-O {[%clk
1:18:39]} Bb7 {[%clk 1:12:59]} 14. d3 {[%clk 1:10:38]} Nbd7 {[%clk 1:04:04]} 15.
Bb2 {[%clk 1:03:33]} Nf8 {[%clk 0:57:05]} 16. Nd2 {[%clk 0:40:19]} Ne6 {[%clk
0:54:04]} 17. Bf3 {[%clk 0:39:07]} Bxf3 {[%clk 0:52:26]} 18. Nxf3 {[%clk
0:38:22]} b5 {[%clk 0:48:35]} 19. Ra1 {[%clk 0:26:32]} Qb8 {[%clk 0:44:52]} 20.
Ra5 {[%clk 0:23:48]} bxc4 {[%clk 0:44:06]} 21. dxc4 {[%clk 0:23:51]} Qb7 {[%clk
0:43:44]} 22. Nd2 {[%clk 0:18:19]} h5 {[%clk 0:38:11]} 23. Qa3 {[%clk 0:15:40]}
Rb8 {[%clk 0:36:44]} 24. Rb5 {[%clk 0:14:14]} Qc8 {[%clk 0:36:46]} 25. Rxb8
{[%clk 0:09:27]} Qxb8 {[%clk 0:35:41]} 26. Qa4 {[%clk 0:08:32]} Nc5 {[%clk
0:32:27]} 27. Qa3 {[%clk 0:08:51]} Nce4 {[%clk 0:31:36]} 28. Nxe4 {[%clk
0:07:15]} Nxe4 {[%clk 0:31:58]} 29. f3 {[%clk 0:06:39]} Nf6 {[%clk 0:31:37]} 30.
Kf2 {[%clk 0:06:45]} Nd7 {[%clk 0:30:41]} 31. Bc3 {[%clk 0:06:30]} Qb7 {[%clk
0:28:37]} 32. Qa4 {[%clk 0:05:04]} Nf6 {[%clk 0:25:48]} 33. b5 {[%clk 0:03:42]}
Qc8 {[%clk 0:22:07]} 34. Ke2 {[%clk 0:02:47]} Qf5 {[%clk 0:21:16]} 35. Qd1 {[%clk
0:01:33]} Qg5 {[%clk 0:20:42]} 36. Qg1 {[%clk 0:00:36]} Nd7 {[%clk 0:16:20]} 37.
e4 {[%clk 0:00:34]} f5 {[%clk 0:16:00]} 38. Bd2 {[%clk 0:00:50]} Qg6 {[%clk
0:12:24]} 39. exf5 {[%clk 0:01:19]} Qf7 {[%clk 0:11:39]} 40. Qc1 {[%clk 0:30:47]}
Qxf5 {[%clk 0:40:40]} 41. Qc3 {[%clk 0:21:09]} e4 {[%clk 0:25:53]} 42. Qd4 {[%clk
0:13:56]} exf3+ {[%clk 0:25:58]} 43. gxf3 {[%clk 0:14:23]} Nb6 {[%clk 0:14:20]}
44. Bc3 {[%clk 0:12:25]} Qf7 {[%clk 0:13:30]} 45. c5 {[%clk 0:11:27]} dxc5 {[%clk
0:08:15]} 46. Qxc5 {[%clk 0:11:03]} Qa2+ {[%clk 0:06:37]} 47. Bd2 {[%clk
0:10:15]} Qe6+ {[%clk 0:06:47]} 48. Kf2 {[%clk 0:08:59]} Nd5 {[%clk 0:06:04]} 49.
Qd4 {[%clk 0:07:02]} Qd6 {[%clk 0:03:12]} 50. Kg1 {[%clk 0:07:09]} Qg6+ {[%clk
0:02:24]} 51. Kf2 {[%clk 0:06:57]} Qd6 {[%clk 0:02:26]} 52. Kg2 {[%clk 0:06:40]}
Kf7 {[%clk 0:02:31]} 53. Qc4 {[%clk 0:04:05]} Qe6 {[%clk 0:02:43]} 54. Kf2 {[%clk
0:03:54]} Qe5 {[%clk 0:02:04]} 55. Bf4 {[%clk 0:02:16]} Qxf4 {[%clk 0:01:53]} 56.
Qxd5+ {[%clk 0:02:44]} Kg6 {[%clk 0:02:15]} 57. Qe6+ {[%clk 0:01:06]} Kh7 {[%clk
0:01:30]} 58. h3 {[%clk 0:01:21]} Qh2+ {[%clk 0:01:12]} 59. Ke3 {[%clk 0:01:40]}
Qg1+ {[%clk 0:01:37]} 60. Kf4 {[%clk 0:01:14]} Qc1+ {[%clk 0:01:30]} 61. Ke5
{[%clk 0:00:35]} Qe3+ {[%clk 0:01:45]} 62. Kd5 {[%clk 0:00:46]} Qxf3+ {[%clk
0:02:09]} 63. Qe4+ {[%clk 0:00:34]} Qxe4+ {[%clk 0:02:32]} 64. Kxe4 {[%clk
0:01:03]} g5 {[%clk 0:02:29]} 65. Kf5 {[%clk 0:00:42]} Kh6 {[%clk 0:02:23]} 66.
Ke6 {[%clk 0:00:46]} g4 {[%clk 0:02:49]} 67. hxg4 {[%clk 0:01:08]} hxg4 {[%clk
0:03:13]} 68. Kd7 {[%clk 0:01:34]} g3 {[%clk 0:03:38]} 69. Kxc7 {[%clk 0:02:00]}
g2 {[%clk 0:04:06]} 70. b6 {[%clk 0:02:26]} g1Q {[%clk 0:04:32]} 71. b7 {[%clk
0:02:54]} Qc5+ {[%clk 0:04:53]} 72. Kd8 {[%clk 0:03:17]} Qd6+ {[%clk 0:05:14]}
73. Kc8 {[%clk 0:03:45]} Qc6+ {[%clk 0:05:39]} 0-1

[Event "46th Greek Team Championship"]
[Site "chess24.com"]
[Date "2018.07.12"]
[Round "4"]
[White "Bastianou, Chrysoula"]
[Black "Pasoglou, Nikoleta"]
[Result "1-0"]
[Board "7"]
[WhiteElo "1710"]
[WhiteCountry "GRE"]
[WhiteFideId "4294106"]
[WhiteEloChange "2"]
[BlackElo "1354"]
[BlackCountry "GRE"]
[BlackFideId "4265408"]
[BlackEloChange "-2"]

1. d4 {[%clk 1:30:58]} Nf6 {[%clk 1:30:56]} 2. c4 {[%clk 1:31:23]} e6 {[%clk
1:31:20]} 3. Nc3 {[%clk 1:31:49]} Bb4 {[%clk 1:31:39]} 4. e3 {[%clk 1:32:13]} O-O
{[%clk 1:32:02]} 5. Ne2 {[%clk 1:32:39]} Re8 {[%clk 1:32:23]} 6. a3 {[%clk
1:33:03]} Bf8 {[%clk 1:32:48]} 7. Ng3 {[%clk 1:33:29]} c5 {[%clk 1:31:50]} 8.
dxc5 {[%clk 1:31:58]} Bxc5 {[%clk 1:32:08]} 9. b4 {[%clk 1:30:55]} Be7 {[%clk
1:30:56]} 10. Be2 {[%clk 1:31:00]} d6 {[%clk 1:23:36]} 11. O-O {[%clk 1:31:00]}
Nbd7 {[%clk 1:22:13]} 12. Bb2 {[%clk 1:30:08]} Nb6 {[%clk 1:02:24]} 13. Qb3
{[%clk 1:27:19]} e5 {[%clk 0:55:58]} 14. Nd5 {[%clk 1:17:08]} Nbxd5 {[%clk
0:51:00]} 15. cxd5 {[%clk 1:17:28]} Bd7 {[%clk 0:48:19]} 16. a4 {[%clk 1:07:14]}
a5 {[%clk 0:34:59]} 17. b5 {[%clk 1:05:15]} b6 {[%clk 0:34:51]} 18. Rfd1 {[%clk
1:01:59]} Qc7 {[%clk 0:30:18]} 19. Rac1 {[%clk 0:59:20]} Qb7 {[%clk 0:29:39]} 20.
Bc4 {[%clk 0:58:42]} Rac8 {[%clk 0:27:37]} 21. Nf1 {[%clk 0:56:09]} Ne4 {[%clk
0:23:26]} 22. Nd2 {[%clk 0:54:42]} Nc5 {[%clk 0:22:20]} 23. Qa2 {[%clk 0:54:41]}
Bf5 {[%clk 0:12:40]} 24. Nf1 {[%clk 0:45:16]} Bg6 {[%clk 0:10:45]} 25. Ng3 {[%clk
0:40:55]} Qd7 {[%clk 0:07:44]} 26. h3 {[%clk 0:37:52]} Bh4 {[%clk 0:07:44]} 27.
Be2 {[%clk 0:26:01]} Bxg3 {[%clk 0:05:32]} 28. fxg3 {[%clk 0:26:11]} Ne4 {[%clk
0:03:50]} 29. Kh2 {[%clk 0:25:29]} Qe7 {[%clk 0:00:53]} 30. Bf3 {[%clk 0:23:02]}
Qg5 {[%clk 0:00:53]} 31. Bxe4 {[%clk 0:21:34]} Bxe4 {[%clk 0:01:06]} 32. Ba3
{[%clk 0:18:59]} Qxe3 {[%clk 0:00:58]} 33. Rc6 {[%clk 0:18:54]} Red8 {[%clk
0:00:35]} 34. Rdc1 {[%clk 0:18:07]} Rxc6 {[%clk 0:00:45]} 35. bxc6 {[%clk
0:13:30]} Bxd5 {[%clk 0:00:34]} 36. Qxd5 {[%clk 0:13:49]} Qxa3 {[%clk 0:01:03]}
37. c7 {[%clk 0:14:05]} Rc8 {[%clk 0:00:35]} 38. Qb7 {[%clk 0:14:18]} h6 {[%clk
0:00:34]} 39. Qxc8+ {[%clk 0:14:42]} Kh7 {[%clk 0:01:01]} 40. Qf5+ {[%clk
0:45:07]} g6 {[%clk 0:30:57]} 41. Qxf7+ {[%clk 0:45:32]} Kh8 {[%clk 0:31:23]} 42.
c8Q# {[%clk 0:45:55]} 1-0

[Event "46th Greek Team Championship"]
[Site "chess24.com"]
[Date "2018.07.12"]
[Round "4"]
[White "Alexakis, Dimitris"]
[Black "Georgakopoulos, Nikolaos K."]
[Result "0-1"]
[Board "9"]
[WhiteElo "2232"]
[WhiteCountry "GRE"]
[WhiteFideId "4277023"]
[WhiteEloChange "-15"]
[BlackElo "2033"]
[BlackCountry "GRE"]
[BlackFideId "4283430"]
[BlackEloChange "15"]

1. e4 {[%clk 1:22:16]} c5 {[%clk 1:30:51]} 2. Nf3 {[%clk 1:22:26]} Nc6 {[%clk
1:31:14]} 3. d4 {[%clk 1:22:32]} cxd4 {[%clk 1:31:35]} 4. Nxd4 {[%clk 1:22:52]}
Nf6 {[%clk 1:31:57]} 5. Nc3 {[%clk 1:23:15]} e5 {[%clk 1:32:19]} 6. Ndb5 {[%clk
1:23:38]} d6 {[%clk 1:32:36]} 7. Bg5 {[%clk 1:24:01]} a6 {[%clk 1:32:58]} 8. Na3
{[%clk 1:24:24]} b5 {[%clk 1:33:20]} 9. Bxf6 {[%clk 1:24:50]} gxf6 {[%clk
1:33:42]} 10. Nd5 {[%clk 1:25:15]} Bg7 {[%clk 1:34:01]} 11. c3 {[%clk 1:25:36]}
f5 {[%clk 1:34:11]} 12. exf5 {[%clk 1:25:58]} Bxf5 {[%clk 1:34:27]} 13. Nc2
{[%clk 1:26:21]} O-O {[%clk 1:33:36]} 14. Nce3 {[%clk 1:26:43]} Be6 {[%clk
1:33:34]} 15. Bd3 {[%clk 1:26:54]} f5 {[%clk 1:33:53]} 16. O-O {[%clk 1:27:17]}
Ra7 {[%clk 1:29:57]} 17. a4 {[%clk 1:27:38]} b4 {[%clk 0:57:27]} 18. cxb4 {[%clk
1:26:40]} Kh8 {[%clk 0:56:42]} 19. Rc1 {[%clk 0:58:28]} Ne7 {[%clk 0:36:18]} 20.
Bc4 {[%clk 0:46:24]} f4 {[%clk 0:12:51]} 21. Nxe7 {[%clk 0:38:49]} Rxe7 {[%clk
0:13:15]} 22. Nd5 {[%clk 0:26:41]} Bxd5 {[%clk 0:11:53]} 23. Bxd5 {[%clk
0:12:04]} e4 {[%clk 0:11:58]} 24. Rc4 {[%clk 0:12:07]} e3 {[%clk 0:07:17]} 25.
fxe3 {[%clk 0:09:32]} fxe3 {[%clk 0:05:07]} 26. Qe2 {[%clk 0:08:38]} Rxf1+ {[%clk
0:03:55]} 27. Kxf1 {[%clk 0:08:45]} Re8 {[%clk 0:03:25]} 28. Rc2 {[%clk 0:01:27]}
Qg5 {[%clk 0:00:46]} 29. Bf3 {[%clk 0:01:39]} d5 {[%clk 0:00:34]} 30. b5 {[%clk
0:00:43]} d4 {[%clk 0:00:33]} 31. bxa6 {[%clk 0:00:49]} Qf5 {[%clk 0:00:32]} 32.
Qb5 {[%clk 0:00:32]} Qf7 {[%clk 0:00:32]} 33. a7 {[%clk 0:00:36]} Rd8 {[%clk
0:00:32]} 34. Qb7 {[%clk 0:00:35]} Qxb7 {[%clk 0:00:31]} 35. Bxb7 {[%clk
0:01:02]} d3 {[%clk 0:00:51]} 36. Rc8 {[%clk 0:00:38]} e2+ {[%clk 0:00:44]} 37.
Kf2 {[%clk 0:00:34]} Bd4+ {[%clk 0:00:45]} 38. Ke1 {[%clk 0:00:36]} Bc3+ {[%clk
0:00:41]} 39. bxc3 {[%clk 0:01:01]} d2+ {[%clk 0:01:08]} 40. Kxe2 {[%clk
0:31:27]} d1Q+ {[%clk 0:31:32]} 41. Kf2 {[%clk 0:31:51]} Rxc8 {[%clk 0:30:31]}
42. Bxc8 {[%clk 0:32:19]} Qxa4 {[%clk 0:30:31]} 0-1